| 000 | 00393nam a2200145Ia 4500 | ||
|---|---|---|---|
| 008 | 230917s9999||||xx |||||||||||||| ||und|| | ||
| 040 |
_e47397 _aMAIN |
||
| 041 | _aEnglish | ||
| 082 | _a821.6 S44P | ||
| 100 | _aShelly, Percy Bysshe | ||
| 245 | 0 | _aPolitical writings including a defense of poetry | |
| 260 |
_aNew York _bAppleton Century Crofts _c1970 |
||
| 300 | _axxvi, 225 p. | ||
| 942 | _cBK | ||
| 999 |
_c79874 _d79874 |
||